[Event "Jakarta op"]
[Site "Jakarta"]
[Date "2018.07.03"]
[Round "8"]
[White "Panggabean, Hasian"]
[Black "Devina, Junus"]
[Result "1-0"]
[WhiteElo "2114"]
[BlackElo "1425"]
[PlyCount "83"]
[EventDate "2018.06.29"]
[EventType "swiss"]
[EventRounds "9"]
[EventCountry "INA"]
[SourceTitle "CBM 185 Extra"]
[Source "ChessBase"]
[SourceDate "2018.07.29"]
[SourceVersion "1"]
[SourceVersionDate "2018.07.29"]
[SourceQuality "1"]

1. Nf3 Nf6 2. d4 d5 3. c4 e6 4. Nc3 b6 5. Bg5 Be7 6. e3 Bb7 7. Bxf6 Bxf6 8. cxd5 exd5 9. Bd3 0-0 10. 0-0 Re8 11. Qc2 g6 12. Rac1 a5 13. Rfd1 Na6 14. a3 Rc8 15. Qb3 Nb8 16. Na4 Nd7 17. Rd2 c6 18. Bf1 Bg7 19. g3 h6 20. Bh3 f5 21. Rdc2 Kh7 22. Bg2 Re6 23. h4 Ba6 24. Rd2 Bc4 25. Qc2 Bf8 26. h5 Be7 27. hxg6+ Kxg6 28. Bh3 Qf8 29. Nc3 Qf7 30. Ne2 Bxe2 31. Rxe2 Rf8 32. Qa4 b5 33. Qxa5 Bd8 34. Qa7 Bb6 35. Nh4+ Kf6 36. Qa6 Qg8 37. Bxf5 Ra8 38. Bxe6 Qd8 39. Qb7 Ra7 40. Qxc6 Rc7 41. Qxd5 Rxc1+ 42. Kg2 1-0

[Event "Jakarta Indonesia op 3rd"]
[Site "Jakarta"]
[Date "2013.10.17"]
[Round "11"]
[White "Paragua, Mark"]
[Black "Panggabean, Hasian"]
[Result "1-0"]
[WhiteElo "2571"]
[BlackElo "2190"]
[PlyCount "49"]
[EventDate "2013.10.10"]
[EventType "swiss"]
[EventRounds "11"]
[EventCountry "INA"]
[SourceTitle "EXT 2014"]
[Source "ChessBase"]
[SourceDate "2013.11.20"]
[SourceVersion "1"]
[SourceVersionDate "2013.11.20"]
[SourceQuality "1"]

1. e4 c6 2. d4 d5 3. f3 e6 4. Nc3 Nf6 5. Bf4 Bb4 6. Qd3 0-0 7. Nge2 b6 8. 0-0-0 Ba6 9. Qe3 Re8 10. g4 dxe4 11. fxe4 Nxg4 12. Qf3 Nf6 13. Rg1 Nbd7 14. Bh3 g6 15. a3 Be7 16. Rdf1 Kg7 17. Rf2 Rf8 18. Ng3 Ng8 19. e5 Rc8 20. Qe3 Kh8 21. Nh5 Qe8 22. Ne4 Bb7 23. Nhf6 Ndxf6 24. exf6 Bd8 25. Bh6 1-0

[Event "Jakarta Indonesia op 3rd"]
[Site "Jakarta"]
[Date "2013.10.16"]
[Round "10"]
[White "Panggabean, Hasian"]
[Black "Nolte, Rolando"]
[Result "0-1"]
[WhiteElo "2190"]
[BlackElo "2447"]
[PlyCount "88"]
[EventDate "2013.10.10"]
[EventType "swiss"]
[EventRounds "11"]
[EventCountry "INA"]
[SourceTitle "EXT 2014"]
[Source "ChessBase"]
[SourceDate "2013.11.20"]
[SourceVersion "1"]
[SourceVersionDate "2013.11.20"]
[SourceQuality "1"]

1. d4 Nf6 2. Nf3 b6 3. c4 e6 4. g3 Ba6 5. Qa4 Bb7 6. Bg2 c5 7. 0-0 cxd4 8. Nxd4 Bxg2 9. Kxg2 Be7 10. Nc3 0-0 11. Bf4 Qc8 12. f3 Qb7 13. e4 Nh5 14. Be3 d6 15. Rad1 a6 16. Rf2 Rc8 17. Rfd2 Nf6 18. Nde2 Ne8 19. Rc1 Nd7 20. Nd1 Rc6 21. Nf2 Rac8 22. Rdc2 Ne5 23. b3 h6 24. Nd4 R6c7 25. Bd2 Nf6 26. Bb4 Nfd7 27. f4 Nc6 28. Nxc6 Rxc6 29. Qa3 Nc5 30. Re2 R6c7 31. Kg1 b5 32. Bxc5 Rxc5 33. Rec2 d5 34. exd5 Rxc4 35. Rxc4 Rxc4 36. Qb2 Rxc1+ 37. Qxc1 Qxd5 38. Qc8+ Kh7 39. Qc2+ f5 40. Nd3 Bf6 41. h3 Qf3 42. Kh2 Bd4 43. a3 a5 44. Qd2 Qf1 0-1

[Event "Jakarta Indonesia op 3rd"]
[Site "Jakarta"]
[Date "2013.10.15"]
[Round "8"]
[White "Panggabean, Hasian"]
[Black "Nakhbayeva, Guliskhan"]
[Result "1-0"]
[WhiteElo "2190"]
[BlackElo "2307"]
[PlyCount "66"]
[EventDate "2013.10.10"]
[EventType "swiss"]
[EventRounds "11"]
[EventCountry "INA"]
[SourceTitle "CBM 156 Extra"]
[Source "ChessBase"]
[SourceDate "2013.10.22"]
[SourceVersion "1"]
[SourceVersionDate "2013.10.22"]
[SourceQuality "1"]

1. d4 Nf6 2. Nf3 e6 3. c4 b6 4. g3 Bb7 5. Bg2 Be7 6. 0-0 0-0 7. Re1 Ne4 8. Qc2 d5 9. cxd5 exd5 10. Bf4 c5 11. Nc3 Nd7 12. Red1 Rc8 13. dxc5 Bxc5 14. Nd4 Qe7 15. Bxe4 dxe4 16. Nf5 Qe6 17. Nd6 Bxd6 18. Rxd6 Qh3 19. Qa4 Nf6 20. Rxf6 gxf6 21. Qxa7 Rc5 22. Qxb7 Rh5 23. g4 Qxg4+ 24. Bg3 f5 25. Nd5 Rh6 26. Nf4 Qg7 27. Rb1 Rd8 28. Qe7 Rhd6 29. Kg2 h6 30. h3 R8d7 31. Qe8+ Kh7 32. Rc1 Rd8 33. Qb5 Qf6 1-0

[Event "Jakarta Indonesia op 2nd"]
[Site "Jakarta"]
[Date "2012.10.15"]
[Round "6"]
[White "Sinurat, Tumpak"]
[Black "Panggabean, Hasian"]
[Result "0-1"]
[WhiteElo "2258"]
[BlackElo "2204"]
[PlyCount "109"]
[EventDate "2012.10.11"]
[EventType "swiss"]
[EventRounds "9"]
[EventCountry "INA"]
[SourceTitle "EXT 2013"]
[Source "ChessBase"]
[SourceDate "2012.11.22"]
[SourceVersion "1"]
[SourceVersionDate "2012.11.22"]
[SourceQuality "1"]

1. e4 e6 2. d4 d5 3. exd5 exd5 4. Bd3 Bd6 5. Nf3 Ne7 6. 0-0 Bg4 7. Re1 Nbc6 8. c3 Qd7 9. a4 0-0 10. Na3 a6 11. Nc2 Bf5 12. Ne3 Bxd3 13. Qxd3 Rae8 14. b4 Ng6 15. Bd2 Nce7 16. Qc2 Nf4 17. Rad1 c6 18. Bc1 h6 19. Qb1 Nfg6 20. Qd3 Nf4 21. Qc2 Nfg6 22. Bd2 Bf4 23. Nf1 Bd6 24. Rb1 Nf5 25. Qd3 Bf4 26. Bxf4 Nxf4 27. Qd2 Ng6 28. Ne5 Nxe5 29. dxe5 Re6 30. Qd3 Ne7 31. f4 f6 32. Qh3 f5 33. Qg3 Kh7 34. Rbd1 Qc7 35. Nd2 c5 36. Kh1 cxb4 37. cxb4 Qb6 38. Qb3 Rc8 39. a5 Qd4 40. Nf3 Qc4 41. Qb1 Rf8 42. Nd4 Rg6 43. b5 axb5 44. Qxb5 Qxb5 45. Nxb5 Ra6 46. Ra1 Rc8 47. g3 Rc5 48. Reb1 b6 49. Ra2 Rxa5 50. Rab2 Rc6 51. Nd6 Ra6 52. h3 Kg6 53. Kg2 Ra4 54. Nb5 Rcc4 55. Nd6 0-1

[Event "Jakarta Indonesia op 2nd"]
[Site "Jakarta"]
[Date "2012.10.13"]
[Round "4"]
[White "Aulia, Medina Warda"]
[Black "Panggabean, Hasian"]
[Result "1-0"]
[WhiteElo "2311"]
[BlackElo "2204"]
[PlyCount "51"]
[EventDate "2012.10.11"]
[EventType "swiss"]
[EventRounds "9"]
[EventCountry "INA"]
[SourceTitle "EXT 2013"]
[Source "ChessBase"]
[SourceDate "2012.11.22"]
[SourceVersion "1"]
[SourceVersionDate "2012.11.22"]
[SourceQuality "1"]

1. e4 e6 2. d4 d5 3. Nd2 dxe4 4. Nxe4 Nd7 5. Nf3 Ngf6 6. Nxf6+ Nxf6 7. Bd3 c5 8. 0-0 cxd4 9. Nxd4 Bc5 10. Nb3 Bb6 11. Bg5 Bd7 12. Qe2 Bc6 13. c4 Qe7 14. Rac1 Rd8 15. Bxf6 Qxf6 16. Be4 Bxe4 17. Qxe4 Rd7 18. c5 Bc7 19. c6 bxc6 20. Qxc6 Qe5 21. g3 Qd6 22. Qa8+ Rd8 23. Qxa7 Bb6 24. Qa4+ Qd7 25. Qa6 Qd6 26. Qb5+ 1-0

[Event "Jakarta Indonesia op 1st"]
[Site "Jakarta"]
[Date "2011.10.18"]
[Round "8"]
[White "Hidayat, Arifin"]
[Black "Panggabean, Hasian"]
[Result "0-1"]
[WhiteElo "2159"]
[BlackElo "2199"]
[PlyCount "45"]
[EventDate "2011.10.13"]
[EventType "swiss"]
[EventRounds "9"]
[EventCountry "INA"]
[SourceTitle "EXT 2012"]
[Source "ChessBase"]
[SourceDate "2011.11.24"]
[SourceVersion "1"]
[SourceVersionDate "2011.11.24"]
[SourceQuality "1"]

1. b3 d5 2. Bb2 Nf6 3. e3 Bf5 4. f4 c5 5. Nf3 Nc6 6. Bb5 Qb6 7. a4 a6 8. Bxc6+ Qxc6 9. 0-0 Bg4 10. Qe1 Bxf3 11. Rxf3 0-0-0 12. d3 e6 13. Rg3 d4 14. e4 Nh5 15. Rf3 f5 16. Nd2 Bd6 17. Qh4 g6 18. c3 dxc3 19. Bxc3 Rhe8 20. Kh1 Be7 21. Qh3 Bf6 22. e5 Be7 23. Nc4 0-1

[Event "Kuala Lumpur op 7th"]
[Site "Kuala Lumpur"]
[Date "2010.09.02"]
[Round "2"]
[White "Verdiana, Norasa"]
[Black "Panggabean, Hasian"]
[Result "0-1"]
[WhiteElo "1899"]
[BlackElo "2212"]
[PlyCount "97"]
[EventDate "2010.09.01"]
[EventType "swiss"]
[EventRounds "9"]
[EventCountry "MAS"]
[SourceTitle "CBM 138 Extra"]
[Source "ChessBase"]
[SourceDate "2010.10.29"]
[SourceVersion "1"]
[SourceVersionDate "2010.10.29"]
[SourceQuality "1"]

1. e4 d5 2. exd5 Qxd5 3. Nc3 Qd6 4. d4 Nf6 5. Nf3 a6 6. h3 Bf5 7. Bc4 Nc6 8. Be3 e6 9. Qe2 Be7 10. Bb3 Na5 11. g4 Bg6 12. Ne5 Nd7 13. Nxg6 hxg6 14. Ne4 Qc6 15. f3 Nxb3 16. axb3 Nf6 17. Bf2 Nd5 18. Bg3 0-0-0 19. 0-0-0 f5 20. Nc5 Bxc5 21. dxc5 Rhe8 22. Be5 Qxc5 23. Rd4 Rd7 24. Rhd1 Red8 25. Re1 Nb4 26. Qc4 Qxc4 27. Rxc4 Nc6 28. Bc3 Re7 29. f4 Rh8 30. gxf5 gxf5 31. Rg1 Rh7 32. Kd1 Kd7 33. Ke2 Ke8 34. Kf2 Kf7 35. Rg3 Rd7 36. Ke2 g6 37. Ra4 Rh4 38. Rc4 Rd5 39. Re3 Rh5 40. Rg3 Rd8 41. Ra4 Ne7 42. Be5 c6 43. Ra1 Nd5 44. Rag1 Ne7 45. c4 Rh6 46. b4 Ng8 47. b5 axb5 48. cxb5 cxb5 49. Rc1 0-1

[Event "Kuala Lumpur op 5th"]
[Site "Kuala Lumpur"]
[Date "2008.08.22"]
[Round "8"]
[White "Mohammad, Minhaz Uddin"]
[Black "Panggabean, Hasian"]
[Result "1-0"]
[WhiteElo "2339"]
[BlackElo "2254"]
[PlyCount "98"]
[EventDate "2008.08.18"]
[EventType "swiss"]
[EventRounds "11"]
[EventCountry "MAS"]
[SourceTitle "CBM 126 Extra"]
[Source "ChessBase"]
[SourceDate "2008.11.05"]
[SourceVersion "1"]
[SourceVersionDate "2008.11.05"]
[SourceQuality "1"]

1. e4 e6 2. d4 d5 3. Nd2 c5 4. Ngf3 cxd4 5. exd5 Qxd5 6. Bc4 Qd6 7. 0-0 Nf6 8. Re1 Nc6 9. Nb3 Be7 10. Nbxd4 Nxd4 11. Nxd4 0-0 12. c3 Qc7 13. Bb3 Bd7 14. Bg5 Nd5 15. Bxe7 Nxe7 16. Qh5 Rae8 17. Re3 g6 18. Qg5 Kg7 19. Rh3 Ng8 20. Qh4 h6 21. Nc2 e5 22. Rg3 Ne7 23. Ne3 Nf5 24. Nxf5+ Bxf5 25. Re1 Be6 26. Bc2 Rd8 27. Qe4 f5 28. Qxe5+ Qxe5 29. Rxe5 Bxa2 30. h4 Bb1 31. Bxb1 Rd1+ 32. Kh2 Rxb1 33. h5 g5 34. Rb5 b6 35. f4 Rf1 36. fxg5 hxg5 37. Rxg5+ Kh6 38. Rg6+ Kxh5 39. Rg7 Rf2 40. Rxa7 Rf6 41. Rh7+ Kg4 42. Rg7+ Kf4 43. Rb4+ Ke3 44. Kg1 Rc2 45. Re7+ Kd2 46. Kf2 Kd1+ 47. Kf1 Rd2 48. Re1+ Kc2 49. Re2 Kd3 1-0

[Event "Kuala Lumpur op 5th"]
[Site "Kuala Lumpur"]
[Date "2008.08.20"]
[Round "5"]
[White "Panggabean, Hasian"]
[Black "Mas, Hafizulhelmi"]
[Result "1/2-1/2"]
[WhiteElo "2254"]
[BlackElo "2386"]
[PlyCount "220"]
[EventDate "2008.08.18"]
[EventType "swiss"]
[EventRounds "11"]
[EventCountry "MAS"]
[SourceTitle "CBM 126 Extra"]
[Source "ChessBase"]
[SourceDate "2008.11.05"]
[SourceVersion "1"]
[SourceVersionDate "2008.11.05"]
[SourceQuality "1"]

1. d4 Nf6 2. Nf3 e6 3. Bf4 c5 4. e3 Qb6 5. Qc1 Nh5 6. Bg3 Nc6 7. c3 Nxg3 8. hxg3 d5 9. Bd3 g6 10. Nbd2 Bg7 11. Rb1 0-0 12. Qd1 Re8 13. Qb3 c4 14. Qxb6 axb6 15. Be2 Rxa2 16. 0-0 b5 17. e4 b4 18. Rfe1 Bd7 19. Nf1 b5 20. exd5 exd5 21. Ne3 Be6 22. Ng5 Bh6 23. Nxe6 fxe6 24. f4 Bg7 25. Bf3 Kf8 26. g4 bxc3 27. bxc3 b4 28. f5 gxf5 29. gxf5 bxc3 30. fxe6 c2 31. Nxc2 Rxc2 32. Bxd5 Bxd4+ 33. Kh1 Ne7 34. Be4 Rf2 35. Red1 Rd8 36. Bxh7 Kg7 37. Rb7 Kf6 38. Rd7 Rh8 39. R7xd4 Rxh7+ 40. Kg1 Re2 41. Rxc4 Rg7 42. Rf4+ Kxe6 43. Rf2 Re5 44. Rdd2 Re1+ 45. Rf1 Re3 46. Rff2 Nd5 47. Rde2 Rxe2 48. Rxe2+ Kf5 49. Ra2 Nf4 50. Ra5+ Kg4 51. Ra3 Rc7 52. Kh2 Kf5 53. Ra5+ Ke4 54. Ra4+ Ke3 55. Ra3+ Ke2 56. Ra2+ Kf1 57. Kg3 Ne2+ 58. Kf3 Rc3+ 59. Ke4 Rg3 60. Ra1+ Kxg2 61. Ra2 Kf2 62. Ra8 Re3+ 63. Kd5 Nf4+ 64. Kd4 Kf3 65. Rf8 Re4+ 66. Kc3 Ke3 67. Rg8 Ne2+ 68. Kc2 Rc4+ 69. Kb2 Kd3 70. Rd8+ Nd4 71. Rd7 Rb4+ 72. Kc1 Rb8 73. Rd5 Rc8+ 74. Kd1 Rh8 75. Ke1 Re8+ 76. Kd1 Ke3 77. Ra5 Rd8 78. Ra3+ Ke4 79. Ra4 Rc8 80. Ra3 Rc2 81. Rh3 Rg2 82. Rh4+ Ke3 83. Rh3+ Nf3 84. Kc1 Ke4 85. Rh8 Kd3 86. Rh3 Rf2 87. Rg3 Kc4 88. Rg8 Kd3 89. Rg3 Kc3 90. Kd1 Rd2+ 91. Kc1 Rd3 92. Rh3 Re3 93. Rh1 Re2 94. Rf1 Rc2+ 95. Kd1 Rd2+ 96. Kc1 Nd4 97. Kb1 Rb2+ 98. Kc1 Rb8 99. Rf7 Kd3 100. Rd7 Rh8 101. Rc7 Ne2+ 102. Kb2 Rb8+ 103. Ka3 Nc3 104. Rh7 Nb5+ 105. Kb4 Nd6+ 106. Kc5 Ne4+ 107. Kc6 Kd4 108. Rd7+ Kc4 109. Rd1 Rh8 110. Rc1+ Kd4 1/2-1/2

[Event "Kuala Lumpur op 5th"]
[Site "Kuala Lumpur"]
[Date "2008.08.18"]
[Round "2"]
[White "Panggabean, Hasian"]
[Black "Li, Ruofan"]
[Result "0-1"]
[WhiteElo "2254"]
[BlackElo "2425"]
[PlyCount "75"]
[EventDate "2008.08.18"]
[EventType "swiss"]
[EventRounds "11"]
[EventCountry "MAS"]
[SourceTitle "CBM 126 Extra"]
[Source "ChessBase"]
[SourceDate "2008.11.05"]
[SourceVersion "1"]
[SourceVersionDate "2008.11.05"]
[SourceQuality "1"]

1. d4 Nf6 2. Nf3 e6 3. Bg5 c5 4. e3 Be7 5. Bd3 b6 6. 0-0 Bb7 7. Nbd2 0-0 8. c3 Nc6 9. e4 d6 10. Re1 cxd4 11. cxd4 h6 12. Be3 e5 13. d5 Nb4 14. Bb1 a5 15. a3 Na6 16. Qb3 Nd7 17. Nc4 Nac5 18. Bxc5 a4 19. Bxb6 axb3 20. Bxd8 Rfxd8 21. Ncd2 Nc5 22. Re3 f5 23. Nxb3 Nxe4 24. Rxe4 fxe4 25. Bxe4 Ra4 26. Nbd2 Rda8 27. Re1 Rf8 28. Nb1 Bd8 29. Nc3 Ra8 30. Nb5 Rf6 31. Ra1 Ba6 32. Nc3 Rc8 33. Nd1 Rf4 34. Nd2 Bb6 35. g3 Rf7 36. Kg2 Be2 37. Nc3 Rxf2+ 38. Kh3 0-1